MCU actors in the Wizarding World - Statistics

General Stats
  • This quiz has been taken 48 times
  • The average score is 4 of 8
Answer Stats
MCU Wizarding World Answer % Correct
Yon-Rogg Albus Dumbledore Jude Law
68%
Kaecilius Gellert Grindelwald Mads Mikkelsen
68%
Arnim Zola Dobby Toby Jones
61%
Dr. Curt Connors / Lizard Xenophilius Lovegood Rhys Ifans
58%
Minn-Erva & Sersi Madam Ya Zhou Gemma Chan
39%
Church keeper Argus Filch David Bradley
32%
Helen Cho Nagini Claudia Kim
21%
Ravager pilot Amycus Carrow Ralph Ineson
21%
No matching quizzes found
Score Distribution
Percent of People with Each Score
Percentile by Number Answered
Your Score History
You have not taken this quiz